000 01071nam a22002297a 4500
999 _c59324
_d59324
003 Ge_BSU
005 20230123151928.0
008 230123s2021 ge ||||| |||| 00| 0 geo d
020 _a9789941974779
041 _ageo
080 _a63:54(076.5) მ-30
100 _aმარგველაშვილი, გოგოლა
_916740
245 _aაგროქიმიის პრაქტიკუმი :
_bსახელმძღვანელო /
_cგოგოლა მარგველაშვილი, თინათინ ძაძამია; რედ. ვალერიან ცანავა.
264 _aთბილისი,
_c2021.
300 _a638 გვ.;
_b21 სმ.
504 _aბიბლიოგრ. გვ. 623-624
653 _aაგროქიმია
653 _aნიადაგის სასუქები
700 _aძაძამია, თინათინ
_eავტორი
_923
700 _aცანავა, ვალერიან
_eრედაქტორი
_923
942 _2udc
_cBK